| 000 | 00518nam a22001575i 4500 | ||
|---|---|---|---|
| 001 | 162541 | ||
| 003 | ES-MaACL | ||
| 005 | 20230906212541.0 | ||
| 008 | 951113s1897 sp |||| | spa d | ||
| 040 |
_aCLM _bspa _cCCPB | SIC |
||
| 100 | 1 |
_aPresa, Juan de la. _9131351 |
|
| 245 | 1 | 4 |
_aLas grandes ideas / _cescogidas y comentadas por Juan de la Presa. |
| 260 |
_aMadrid : _bLibrería Editorial de Bailly-Bailliere é Hijos..., _c1897. |
||
| 300 |
_aV, 209 p. ; _c19 cm. |
||
| 852 |
_aES-MaACL _jG-11134 _z-- Enc. hol. |
||
| 999 |
_c162541 _d162541 |
||